Drenko, Jozef: Rómski-cigánski hudobníci z Lučenca a okolia

Bibliographic Details
Main Author: Šípka, Miloš (Author)
Format: Article
Language:Slovak
ISSN:1335-1303
Subjects:

MARC

LEADER 00000nab a2200000 a 4500
001 vtls000651212
003 SK-MaSNL
005 20260304090404.0
008 250425c1997 xo 0 slo
015 |a SNBRA1998/02-04536 
035 |a CLN000003406 
035 |a urn:nbn:sk:snk-abhm8 
035 |a (urnnbn)urn:nbn:sk:snk:ar-a036tf 
035 |a (uuid)aa871b2f-0d19-4209-87a9-cfa6702adc06 
040 |a SNKBUCL  |b slo  |c SNKBUCL  |e AACR2 
041 0 |a slo 
044 |a xo  |c SK 
080 |a 397(437.6)  |2 1997 
080 |a 78.071.2  |2 1997 
100 1 |a Šípka, Miloš  |4 aut  |9 6833 
245 1 0 |a Drenko, Jozef: Rómski-cigánski hudobníci z Lučenca a okolia  |c Miloš Šípka 
650 0 7 |a rómski hudobníci  |2 SNKPH  |9 3190 
650 0 7 |a ľudová kultúra  |2 SNKPH  |9 66058 
651 7 |a Lučenec (Slovensko)  |2 SNKPHgeo  |9 29545 
655 7 |a články z novín a časopisov  |2 SNK  |9 267496 
655 7 |a recenzie  |2 SNKPH  |9 21907 
773 0 |t Slovenský národopis  |g Roč. 45, č. 4 (1997), s. 463  |x 1335-1303 
787 0 8 |i Rec.:  |a Drenko, Jozef  |t Rómski-cigánski hudobníci z Lučenca a okolia  |d Lučenec : Novohradské osvetové stredisko, 1997  |z 8085155087 
850 |a Slovenská národná knižnica 
852 |a Slovenská národná knižnica 
954 |a odborná, vedecká literatúra pôvodná (slovenská)  |2 lita 
957 |a 606 
958 |a article27 
958 |a SK 
958 |a OND 
958 |a EUIPO 
992 |a RBX 
999 |c 2811307  |d 2813237